<?xml version="1.0" encoding="UTF-8"?>
<marc:record xmlns:marc="http://www.loc.gov/MARC21/slim">
   <marc:leader>00000nam a2200000 a 4500</marc:leader>
   <marc:datafield ind1="1" ind2=" " tag="100">
      <marc:subfield code="a">Gureckis, Trevor</marc:subfield>
      <marc:subfield code="4">aut</marc:subfield>
      <marc:subfield code="e">Verfasser/-in</marc:subfield>
   </marc:datafield>
   <marc:datafield ind1="1" ind2=" " tag="100">
      <marc:subfield code="a">Shyamalan, Manoj Night</marc:subfield>
      <marc:subfield code="4">aut</marc:subfield>
      <marc:subfield code="e">Verfasser/-in</marc:subfield>
   </marc:datafield>
   <marc:datafield ind1="1" ind2=" " tag="100">
      <marc:subfield code="a">Sewell, Rufus</marc:subfield>
   </marc:datafield>
   <marc:datafield ind1="1" ind2=" " tag="100">
      <marc:subfield code="a">Krieps, Vicky</marc:subfield>
   </marc:datafield>
   <marc:datafield ind1="1" ind2=" " tag="100">
      <marc:subfield code="a">Garcia Bernal, Gael</marc:subfield>
   </marc:datafield>
   <marc:datafield ind1="1" ind2=" " tag="100">
      <marc:subfield code="a">Shyamalan, M. Night</marc:subfield>
   </marc:datafield>
   <marc:datafield ind1="1" ind2=" " tag="100">
      <marc:subfield code="a">Lévy, Pierre Oscar</marc:subfield>
   </marc:datafield>
   <marc:datafield ind1="0" ind2="0" tag="245">
      <marc:subfield code="a">Old</marc:subfield>
   </marc:datafield>
   <marc:datafield ind1="0" ind2="0" tag="245">
      <marc:subfield code="c">nach dem Buch von Pierre Oscar Lévy [und 1 anderer] ; Filmregisseur: Manoj N. Shyamalan ; Drehbuchautor: Manoj N. Shyamalan ; Schauspieler: Gael García Bernal, Vicky Krieps, Rufus Sewell [und andere]</marc:subfield>
   </marc:datafield>
   <marc:datafield ind1=" " ind2="1" tag="264">
      <marc:subfield code="a">Hamburg</marc:subfield>
      <marc:subfield code="b">Universal Pictures Germany</marc:subfield>
      <marc:subfield code="c">2021</marc:subfield>
   </marc:datafield>
   <marc:datafield ind1="1" ind2=" " tag="520">
      <marc:subfield code="a">Seit über zwanzig Jahren prägt Regisseur M. Night Shyamalan mit Filmen wie The Sixth Sense oder Split das Thriller-Universum des Kinos. Jetzt beweist der Meister außergewöhnlicher Spannungsszenarien sein Genie einmal mehr mit OLD. Diesmal konfrontiert er seine Protagonisten mit einem der gefährlichsten Gegner menschlichen Lebens &#x96; der Zeit. Als sich ein Elternpaar mit seinen beiden Kindern an einem paradiesischen Strand erholen will, geraten sie in den Bann eines schockierenden Phänomens: Sie werden rasend schnell alt. Am Ende eines Tages wartet auf sie der Tod. Überleben können sie und die anderen Besucher nur, wenn sie das unheilvolle Rätsel dieses Ortes lösen.</marc:subfield>
   </marc:datafield>
   <marc:datafield ind1="3" ind2=" " tag="024">
      <marc:subfield code="a">5053083236335</marc:subfield>
   </marc:datafield>
   <marc:datafield ind1=" " ind2=" " tag="500">
      <marc:subfield code="a">Deutsch, Englisch, Spanisch, Französisch. FSK ab16 Jahren</marc:subfield>
   </marc:datafield>
   <marc:datafield ind1="0" ind2=" " tag="490">
      <marc:subfield code="v">0</marc:subfield>
   </marc:datafield>
   <marc:datafield ind1=" " ind2=" " tag="300">
      <marc:subfield code="a">104 Min.</marc:subfield>
   </marc:datafield>
</marc:record>
